Statistics for Most Populated Cities With J In Their Name

Click here to take the quiz!

General Stats

  • This quiz has been taken 20 times
    (14 since last reset)
  • The average score is 3 of 11

Answer Stats

Pop Answer % Correct
9.6millJakarta
93%
18.5millBeijing
71%
6.3millRio De Janeiro
64%
3millJaipur
43%
4.2millJeddah
36%
4.3millAbidjan
21%
4.6millJinan
7%
2millJilin
7%
2.7millGujwanrala
0%
1.7millTijuana
0%
1.5millDaejon
0%

Score Distribution

Percentile by Number Answered

Percent of People with Each Score

Your Score History

You have not taken this quiz since the last reset